| 000 | 00356nam a2200157Ia 4500 | ||
|---|---|---|---|
| 100 | _aThampi/G.T | ||
| 650 | _aMobile computers | ||
| 942 | _cBK | ||
| 366 | _f25 | ||
| 654 | _amobile | ||
| 245 | _aProgramming for mobile and remote computers | ||
| 260 |
_bDreamtech Press _c2010 |
||
| 082 |
_a4.6 _bTHA |
||
| 300 | _a627 | ||
| 546 |
_aENGLISH _cPAMPHALETS |
||
| 999 |
_c32836 _d32836 |
||